| 000 | 03964cam a22013454i 4500 | ||
|---|---|---|---|
| 003 | PE-LiUPU | ||
| 005 | 20250813185542.0 | ||
| 008 | 150616s1989 mx a rb 000 0 spa d | ||
| 020 | _a9682413346 | ||
| 020 | _a9789682413346 | ||
| 035 | _a(Sirsi) i9789682413346 | ||
| 040 |
_aPE-LiUPU _bspa _cPE-LiUPU _dPE-LiUPU _erda |
||
| 041 | 1 |
_aspa _heng |
|
| 049 | _aPRUA | ||
| 082 | 0 | 4 |
_a370.15 _bA88 _221 |
| 100 | 1 |
_aAusubel, David P., _eautor. |
|
| 245 | 1 | 0 |
_aPsicología educativa : _bun punto de vista cognoscitivo / _cDavid P Ausubel, Joseph D. Novak, Helen Hanesian ; tr. Mario Sandoval Pineda. |
| 264 | 1 |
_aMéxico D.F. : _bTrillas, _c1989. |
|
| 300 |
_a623 páginas : _bilustraciones ; _c25 centímetros |
||
| 336 |
_atext _2rdacontent |
||
| 337 |
_aunmediated _2rdamedia |
||
| 338 |
_avolume _2rdacarrier |
||
| 504 | _aBibliografía: páginas 544-605. | ||
| 504 | _aÍndice: páginas 606-623. | ||
| 505 | 0 | _aIntroducción -- Factores cognoscitivos en el aprendizaje -- Factores afectivos y sociales del aprendizaje -- Aprendizaje por descubrimiento -- Medición y evaluación. | |
| 526 | _aP202 | ||
| 526 | _aP201 | ||
| 526 | _aP163 | ||
| 526 | _aP162 | ||
| 526 | _aP161 | ||
| 526 | _aP160 | ||
| 526 | _aP148 | ||
| 526 | _aP147 | ||
| 526 | _aP146 | ||
| 526 | _aP145 | ||
| 526 | _aP144 | ||
| 526 | _aP143 | ||
| 526 | _aP142 | ||
| 526 | _aP141 | ||
| 526 | _aP140 | ||
| 526 | _aP139 | ||
| 526 | _aP138 | ||
| 526 | _aP137 | ||
| 526 | _aP136 | ||
| 526 | _aP135 | ||
| 526 | _aP134 | ||
| 526 | _aP133 | ||
| 526 | _aP129 | ||
| 526 | _aP128 | ||
| 526 | _aP127 | ||
| 526 | _aP120 | ||
| 526 | _aP119 | ||
| 526 | _aP118 | ||
| 526 | _aP116 | ||
| 526 | _aP115 | ||
| 526 | _aP114 | ||
| 526 | _aP110 | ||
| 526 | _aP109 | ||
| 526 | _aP108 | ||
| 526 | _aP104 | ||
| 526 | _aP103 | ||
| 526 | _aP102 | ||
| 526 | _aP99 | ||
| 526 | _aP98 | ||
| 526 | _aP97 | ||
| 526 | _aP96 | ||
| 526 | _aP95 | ||
| 526 | _aP93 | ||
| 526 | _aP90 | ||
| 526 | _aP89 | ||
| 526 | _aP88 | ||
| 526 | _aP83 | ||
| 526 | _aP82 | ||
| 526 | _aP62 | ||
| 526 | _aP59 | ||
| 526 | _aP58 | ||
| 526 | _aP57 | ||
| 526 | _aP51 | ||
| 526 | _aP49 | ||
| 526 | _aP48 | ||
| 526 | _aP47 | ||
| 526 | _aP29 | ||
| 526 | _aP24 | ||
| 526 | _aP20 | ||
| 526 | _aP19 | ||
| 526 | _aP17 | ||
| 526 | _aP15 | ||
| 526 | _aP14 | ||
| 526 | _aP12 | ||
| 526 | _aP10 | ||
| 526 | _aP09 | ||
| 526 | _aP08 | ||
| 526 | _aP07 | ||
| 526 | _aP06 | ||
| 526 | _aP05 | ||
| 526 | _aP04 | ||
| 526 | _aP01 | ||
| 534 |
_pTítulo original : _tEducational Psychology: A Cognitive View. |
||
| 541 | _gF002-0001663; | ||
| 650 | 0 | 4 |
_aPsicología educativa. _95560 |
| 700 | 1 |
_aHanesian, Helen, _eautor. |
|
| 700 | 1 |
_aNovak, Joseph D., _eautor. |
|
| 910 |
_ajck _bjvq _cjck |
||
| 910 |
_adbm _bjpc _cjpc _d20191111 |
||
| 942 |
_2ddc _cBOOK |
||
| 994 |
_aC0 _bPEPRU |
||
| 596 | _a1 | ||
| 999 |
_a370.15 A88 _wDEWEY _c48300 _i32374 _d48300 _e2016-5-18 _f2019-12-11 _g5 _lDISCARD _mBUL _n3 _q1 _r0 _sY _tBOOK _u2015-6-16 _xEDUCACION _PP20 _0COMPRA _o.STAFF. Colección General |
||
| 999 |
_a370.15 A88 _wDEWEY _c2 _i32375 _d2017-11-28 _e2017-5-2 _f2019-12-11 _g5 _lDISCARD _mBUL _n1 _q1 _r0 _sY _tBOOK _u2015-6-16 _xEDUCACION _PP20 _0COMPRA _o.STAFF. Colección General |
||
| 999 |
_a370.15 A88 _wDEWEY _c3 _i35837 _d2016-6-19 _e2016-6-16 _f2019-12-11 _g6 _lDISCARD _mBUL _n4 _p25.00 _r0 _sY _tBOOK _u2015-4-23 _xEDUCACION _PP20 _0COMPRA _o.STAFF. olección Ciencias Humanas y Educación. |
||
| 999 |
_a370.15 A88 _wDEWEY _c4 _i80748 _f2021-11-8 _g3 _lCCODEBUL1 _mBUL _p27.00 _r0 _sY _tBOOK _u2019-11-11 _xEDUCACION _zP59 _0COMPRA _1FCOMPR4 _o.STAFF. Colección Ciencias Humanas y Educación |
||
| 980 |
_81 _gALBERTO SANCHEZ Responsable de Automatización |
||